[Event "Vina del Mar CC qual"]
[Site "Vina del Mar"]
[Date "2018.12.07"]
[Round "5.4"]
[White "Fredes Retamal, Matias"]
[Black "Miranda Camus, Gonzalo"]
[Result "0-1"]
[WhiteElo "1071"]
[BlackElo "1139"]
[PlyCount "92"]
[EventDate "2018.12.07"]
[EventType "swiss"]
[EventRounds "6"]
[EventCountry "CHI"]
[SourceTitle "EXT 2024"]
[Source "ChessBase"]
[SourceDate "2023.10.10"]
[SourceVersion "1"]
[SourceVersionDate "2023.10.10"]
[SourceQuality "1"]

1. e4 e5 2. Nf3 Nf6 3. d3 Nc6 4. Nc3 d5 5. exd5 Nxd5 6. Bd2 Bc5 7. Nxd5 Qxd5 8. Bc3 0-0 9. Qe2 Re8 10. Qe4 Qxe4+ 11. dxe4 a6 12. Rd1 Bb4 13. Bxb4 Nxb4 14. c3 Nc6 15. Bc4 Bg4 16. Be2 Be6 17. b3 Rad8 18. 0-0 f6 19. Rd2 Rxd2 20. Nxd2 Rd8 21. Rd1 Bf7 22. f3 Kf8 23. Kf2 Ke7 24. Ke1 b5 25. a3 Na5 26. b4 Nb7 27. Nf1 Rxd1+ 28. Bxd1 Nd6 29. Ne3 c6 30. g3 Be6 31. Kf2 Kd7 32. Ng2 Nc4 33. Ne3 Nxa3 34. f4 exf4 35. gxf4 Nb1 36. f5 Bf7 37. Bc2 Nxc3 38. Nd1 Nxd1+ 39. Bxd1 Kd6 40. Ke3 Ke5 41. h4 Ba2 42. Bc2 Bf7 43. Bd1 Bc4 44. Bc2 Bf7 45. Bd1 Be8 46. Bb3 g5 0-1

[Event "Vina del Mar U2000 5th"]
[Site "Vina del Mar"]
[Date "2018.02.10"]
[Round "2.4"]
[White "Parraguez Cornejo, Jose Luis"]
[Black "Fredes Retamal, Matias"]
[Result "1-0"]
[WhiteElo "1663"]
[BlackElo "1151"]
[PlyCount "47"]
[EventDate "2018.02.09"]
[EventType "swiss"]
[EventRounds "5"]
[EventCountry "CHI"]
[SourceTitle "EXT 2024"]
[Source "ChessBase"]
[SourceDate "2023.10.10"]
[SourceVersion "1"]
[SourceVersionDate "2023.10.10"]
[SourceQuality "1"]

1. e4 e5 2. Nf3 Nc6 3. Bb5 d6 4. d4 Bd7 5. Nc3 h6 6. dxe5 Nxe5 7. Nxe5 Bxb5 8. Nxf7 Kxf7 9. Qd5+ Ke7 10. Qxb5 Rb8 11. Nd5+ Kf7 12. Qc4 Be7 13. Nxc7+ Kg6 14. Qe6+ Nf6 15. Nd5 Qd7 16. Nxe7+ Kh7 17. Qf7 Qg4 18. 0-0 Qxe4 19. f3 Qxc2 20. Bxh6 Kxh6 21. Rac1 Qd3 22. Rc3 Qd4+ 23. Kh1 Qf4 24. Qg6# 1-0

[Event "Vina del Mar U2000 5th"]
[Site "Vina del Mar"]
[Date "2018.02.09"]
[Round "1.1"]
[White "Fredes Retamal, Matias"]
[Black "Campos Zambrano, Alexis Andres"]
[Result "0-1"]
[WhiteElo "1151"]
[BlackElo "1628"]
[PlyCount "98"]
[EventDate "2018.02.09"]
[EventType "swiss"]
[EventRounds "5"]
[EventCountry "CHI"]
[SourceTitle "EXT 2024"]
[Source "ChessBase"]
[SourceDate "2023.10.10"]
[SourceVersion "1"]
[SourceVersionDate "2023.10.10"]
[SourceQuality "1"]

1. e4 c6 2. Nc3 d5 3. d3 e5 4. Be2 d4 5. Nb1 Bb4+ 6. Bd2 Qa5 7. Bg4 Nd7 8. a3 Bxd2+ 9. Qxd2 Qc5 10. Nf3 Ngf6 11. Bxd7+ Nxd7 12. 0-0 0-0 13. c3 Qd6 14. Qc2 c5 15. Nbd2 b5 16. c4 a6 17. cxb5 axb5 18. a4 bxa4 19. Rxa4 Rxa4 20. Qxa4 Nb6 21. Nc4 Nxa4 22. Nxd6 f6 23. Rc1 Nxb2 24. Rxc5 Ba6 25. Ne1 Nxd3 26. Nxd3 Bxd3 27. f3 Rd8 28. Nf5 g6 29. Ng3 Rb8 30. Kf2 Rb2+ 31. Ke1 Rxg2 32. Nf1 Rg1 33. Kd2 Bxf1 34. Rc1 Rg2+ 35. Ke1 Be2 36. Rc2 Bxf3 37. Rxg2 Bxg2 38. Kd2 Bxe4 39. Ke2 d3+ 40. Kd2 Kf7 41. h3 Ke6 42. h4 Kd5 43. Ke3 f5 44. h5 f4+ 45. Kf2 Kd4 46. hxg6 hxg6 47. Ke1 Ke3 48. Kd1 Bf3+ 49. Kc1 d2+ 0-1

[Event "Vina del Mar Cepa U2000 4th"]
[Site "Vina del Mar"]
[Date "2017.07.21"]
[Round "1.3"]
[White "Aguirre Adaros, Joaquin Antonio"]
[Black "Fredes Retamal, Matias"]
[Result "1-0"]
[WhiteElo "1821"]
[BlackElo "1128"]
[PlyCount "63"]
[EventDate "2017.07.21"]
[EventType "swiss"]
[EventRounds "5"]
[EventCountry "CHI"]
[SourceTitle "EXT 2024"]
[Source "ChessBase"]
[SourceDate "2023.10.10"]
[SourceVersion "1"]
[SourceVersionDate "2023.10.10"]
[SourceQuality "1"]

1. Nf3 d5 2. c4 c6 3. e3 Nf6 4. d4 e6 5. Bd3 Be7 6. 0-0 0-0 7. b3 b6 8. Ne5 Bd6 9. f4 c5 10. Qf3 cxd4 11. exd4 Bb7 12. Qh3 Nbd7 13. Bb2 h6 14. Nd2 Qe7 15. Rae1 Bb4 16. Re2 Nxe5 17. fxe5 Nd7 18. Bb1 Rac8 19. Qd3 g6 20. cxd5 exd5 21. e6 f5 22. exd7 Qxd7 23. Rfe1 Bc6 24. Qh3 Qg7 25. a3 Bd6 26. Nf3 Rfe8 27. Rxe8+ Bxe8 28. Ne5 Bb5 29. Bd3 Be8 30. Qf3 Bf7 31. Nxf7 Qxf7 32. Qe3 1-0